000 00658nam a2200205Ia 4500
003 GCL
008 140319s9999 xx 000 0 ara d
040 _aGCL /
_cGCL
082 0 4 _a813.01
_bط م
100 1 _aطيبة احمد الابراهيم
245 1 0 _aمذكرات خادم /
_cطيبة احمد الابراهيم
250 _aالاولى
260 _aالقاهرة :
_bالمؤسسة العربية الحديثة للطبع والنشر ،
_c1985
300 _a222 ص ؛
_c12 سم
490 _aادبيات
_v0
650 0 4 _aالادب العربى
650 0 4 _aالادب
650 0 4 _aالقصص الادبية
942 _2ddc
_cBK
999 _c27830
_d27830